Most Popular Actresses by the Picture - Statistics

General Stats
  • This quiz has been taken 49 times
  • The average score is 18 of 32
Answer Stats
Picture Answer % Correct
Margot Robbie
95%
Zendaya
95%
Emma Stone
91%
Scarlett Johansson
91%
Jennifer Aniston
88%
Jennifer Lawrence
86%
Emma Watson
84%
Angelina Jolie
81%
Julia Roberts
74%
Meryl Streep
74%
Natalie Portman
74%
Gal Gadot
72%
Millie Bobby Brown
67%
Sydney Sweeney
67%
Anya Taylor Joy
65%
Kate Winslet
58%
Florence Pugh
56%
Kristen Stewart
56%
Elizabeth Olsen
53%
Emily Blunt
53%
Saoirse Ronan
44%
Ana de Armas
40%
Lupita Nyongo
37%
Rachel McAdams
37%
Jessica Chastain
35%
Brie Larson
33%
Viola Davis
33%
Alicia Vikander
14%
Reece Witherspoon
14%
Daisy Ridley
7%
Natalie Dormer
7%
Tessa Thompson
7%
No matching quizzes found
Score Distribution
Percent of People with Each Score
Percentile by Number Answered
Your Score History
You have not taken this quiz